<?xml version="1.0" encoding="UTF-8"?>
<record
    xmlns:xsi="http://www.w3.org/2001/XMLSchema-instance"
    xsi:schemaLocation="http://www.loc.gov/MARC21/slim http://www.loc.gov/standards/marcxml/schema/MARC21slim.xsd"
    xmlns="http://www.loc.gov/MARC21/slim">

  <leader>01114nam a22002177a 4500</leader>
  <datafield tag="952" ind1=" " ind2=" ">
    <subfield code="0">0</subfield>
    <subfield code="1">0</subfield>
    <subfield code="2">ddc</subfield>
    <subfield code="4">0</subfield>
    <subfield code="7">0</subfield>
    <subfield code="8">NFIC</subfield>
    <subfield code="a">ASL</subfield>
    <subfield code="b">ASL</subfield>
    <subfield code="c">GEN</subfield>
    <subfield code="d">2020-09-17</subfield>
    <subfield code="e">Donated by Professor Husniara Huq</subfield>
    <subfield code="l">0</subfield>
    <subfield code="o">297.154 TAB</subfield>
    <subfield code="p">101153</subfield>
    <subfield code="r">2020-09-17 00:00:00</subfield>
    <subfield code="t">C-1</subfield>
    <subfield code="w">2020-09-17</subfield>
    <subfield code="y">BK</subfield>
  </datafield>
  <datafield tag="952" ind1=" " ind2=" ">
    <subfield code="0">0</subfield>
    <subfield code="1">0</subfield>
    <subfield code="2">ddc</subfield>
    <subfield code="4">0</subfield>
    <subfield code="7">0</subfield>
    <subfield code="8">NFIC</subfield>
    <subfield code="a">ASL</subfield>
    <subfield code="b">ASL</subfield>
    <subfield code="c">GEN</subfield>
    <subfield code="d">2021-10-17</subfield>
    <subfield code="e">ASB Collection</subfield>
    <subfield code="l">0</subfield>
    <subfield code="o">297.154 TAB</subfield>
    <subfield code="p">112757</subfield>
    <subfield code="r">2021-10-17 00:00:00</subfield>
    <subfield code="t">C-2</subfield>
    <subfield code="w">2021-10-17</subfield>
    <subfield code="y">BK</subfield>
    <subfield code="z">RARE</subfield>
  </datafield>
  <datafield tag="952" ind1=" " ind2=" ">
    <subfield code="0">0</subfield>
    <subfield code="1">0</subfield>
    <subfield code="2">ddc</subfield>
    <subfield code="4">0</subfield>
    <subfield code="7">0</subfield>
    <subfield code="8">NFIC</subfield>
    <subfield code="a">ASL</subfield>
    <subfield code="b">ASL</subfield>
    <subfield code="c">GEN</subfield>
    <subfield code="d">2021-10-17</subfield>
    <subfield code="e">ASB Collection</subfield>
    <subfield code="l">0</subfield>
    <subfield code="o">297.154 TAB</subfield>
    <subfield code="p">112758</subfield>
    <subfield code="r">2021-10-17 00:00:00</subfield>
    <subfield code="t">C-3</subfield>
    <subfield code="w">2021-10-17</subfield>
    <subfield code="y">BK</subfield>
    <subfield code="z">RARE</subfield>
  </datafield>
  <datafield tag="999" ind1=" " ind2=" ">
    <subfield code="c">18008</subfield>
    <subfield code="d">18008</subfield>
  </datafield>
  <controlfield tag="003">BDDh-ASL</controlfield>
  <controlfield tag="005">20231015025653.0</controlfield>
  <controlfield tag="008">200917s1988    b  ||||| b||| 00| 0 b   d</controlfield>
  <datafield tag="040" ind1=" " ind2=" ">
    <subfield code="a">BDDh-ASL</subfield>
    <subfield code="c">BDDh-ASL</subfield>
    <subfield code="d">BDDh-ASL</subfield>
  </datafield>
  <datafield tag="041" ind1=" " ind2=" ">
    <subfield code="a">bengali </subfield>
  </datafield>
  <datafield tag="082" ind1=" " ind2=" ">
    <subfield code="a">297.154</subfield>
    <subfield code="b">TAB</subfield>
  </datafield>
  <datafield tag="100" ind1=" " ind2=" ">
    <subfield code="9">845</subfield>
    <subfield code="a">&#x9A4;&#x9BE;&#x9B0;&#x9BE;&#x99A;&#x9BE;&#x981;&#x9A6;</subfield>
  </datafield>
  <datafield tag="245" ind1=" " ind2="0">
    <subfield code="a">&#x9AD;&#x9BE;&#x9B0;&#x9A4;&#x9C0;&#x9AF;&#x9BC; &#x9B8;&#x982;&#x9B8;&#x9CD;&#x995;&#x9C3;&#x9A4;&#x9BF;&#x9A4;&#x9C7; &#x987;&#x9B8;&#x9B2;&#x9BE;&#x9AE;&#x9C7;&#x9B0; &#x9AA;&#x9CD;&#x9B0;&#x9AD;&#x9BE;&#x9AC;/</subfield>
    <subfield code="c">&#x9A4;&#x9BE;&#x9B0;&#x9BE;&#x99A;&#x9BE;&#x981;&#x9A6;; &#x995;&#x9B0;&#x9C1;&#x9A3;&#x9BE;&#x9AE;&#x9AF;&#x9BC; &#x997;&#x9CB;&#x9B8;&#x9CD;&#x9AC;&#x9BE;&#x9AE;&#x9C0; (&#x985;&#x9A8;&#x9C1;.)&#x964; </subfield>
  </datafield>
  <datafield tag="246" ind1=" " ind2=" ">
    <subfield code="a">Bharatiya Sanskritite islamer Prabhab. </subfield>
  </datafield>
  <datafield tag="260" ind1=" " ind2=" ">
    <subfield code="a">&#x9A2;&#x9BE;&#x995;&#x9BE;: </subfield>
    <subfield code="b">&#x9AC;&#x9BE;&#x982;&#x9B2;&#x9BE; &#x98F;&#x995;&#x9BE;&#x9A1;&#x9C7;&#x9AE;&#x9C0;, </subfield>
    <subfield code="c">&#x9E7;&#x9EF;&#x9EE;&#x9EE;&#x964; </subfield>
  </datafield>
  <datafield tag="300" ind1=" " ind2=" ">
    <subfield code="a">&#x99A;&#x9CC;&#x9A6;&#x9CD;&#x9A6;, &#x9E8;&#x9E9;&#x9E6; &#x9AA;&#x9C3;&#x9B7;&#x9CD;&#x9A0;&#x9BE;: </subfield>
    <subfield code="c">&#x9E8;&#x9E7; &#x9B8;&#x9C7;. &#x9AE;&#x9BF;.&#x964; </subfield>
  </datafield>
  <datafield tag="504" ind1=" " ind2=" ">
    <subfield code="a">&#x997;&#x9CD;&#x9B0;&#x9A8;&#x9CD;&#x9A5;&#x9AA;&#x99E;&#x9CD;&#x99C;&#x9BF; &#x9B8;&#x982;&#x9AF;&#x9C1;&#x995;&#x9CD;&#x9A4;&#x964; </subfield>
  </datafield>
  <datafield tag="650" ind1=" " ind2="0">
    <subfield code="9">847</subfield>
    <subfield code="a">&#x9AD;&#x9BE;&#x9B0;&#x9A4;&#x9C7; &#x9AE;&#x9C1;&#x9B8;&#x9B2;&#x9AE;&#x9BE;&#x9A8;&#x9A6;&#x9C7; &#x9B8;&#x9AE;&#x9BE;&#x99C; &#x9B8;&#x982;&#x9B8;&#x9CD;&#x995;&#x9C3;&#x9A4;&#x9BF; </subfield>
    <subfield code="x">&#x987;&#x9B8;&#x9B2;&#x9BE;&#x9AE; &#x9A7;&#x9B0;&#x9CD;&#x9AE;</subfield>
    <subfield code="x">&#x9AD;&#x9BE;&#x9B0;&#x9A4;&#x9C7; &#x9AE;&#x9C1;&#x9B8;&#x9B2;&#x9AE;&#x9BE;&#x9A8;&#x9A6;&#x9C7;&#x9B0; &#x986;&#x997;&#x9AE;&#x9A8; </subfield>
  </datafield>
  <datafield tag="700" ind1="1" ind2="0">
    <subfield code="a">&#x997;&#x9CB;&#x9B8;&#x9CD;&#x9AC;&#x9BE;&#x9AE;&#x9C0;, &#x995;&#x9B0;&#x9C1;&#x9A3;&#x9BE;&#x9AE;&#x9AF;&#x9BC;</subfield>
    <subfield code="9">846</subfield>
  </datafield>
  <datafield tag="942" ind1=" " ind2=" ">
    <subfield code="2">ddc</subfield>
    <subfield code="c">BK</subfield>
  </datafield>
</record>
